Operación Ayar : (Registro nro. 266)

Detalles MARC
000 -Cabecera
Campo de control interno 00812nam a2200253Ia 4500
005 - Fecha y hora del registro
control field 20251226111808.0
008 - Elementos de Longitud Fija
fixed length control field 251203t2018||||xx |||||||||||||| ||spa||
020 ## - ISBN
ISBN 9786124353185
041 ## - Idioma
Codigo Idioma Español-Inglés
082 ## - DEWEY y NOTACIÓN INTERNA
Dewey 769.985
Notación Interna T57
100 ## - AUTOR
Autor denominación Tineo Sanguinetti, Gabriela,
Títulos y otras palabras asociadas con el nombre AUT
245 #0 - TÍTULO DE MATERIAL BIBLIOGRÁFICO
Título Operación Ayar :
Título paralelo la xilografía de Julio Camino Sánchez
246 ## - TÍTULO TRADUCIDO
Título Ayar operation : Julio Camino Sánchez's woodcut
250 ## - EDICIÓN
Edición Primera edición
260 ## - CIUDAD, EDITORIAL, AÑO
Ciudad Arequipa :
Nombre de la Editorial Universidad Católica San Pablo,
Año 2018
300 ## - DESCRIPCIÓN
N° Páginas 203 páginas :
Otros detalles ilustraciones ;
Dimensiones 30 cm.
440 ## - MENCIÓN DE SERIE
Título de la Serie (Operación Ayar ; número 4) ;
650 ## - TEMAS
Temas Las Artes
653 ## - DESCRIPTORES
Lenguajes no controlado Grabados en madera; Pintura peruana - Siglo XX
654 ## - PROGRAMAS
Programa Todos los programas
700 ## - OTROS AUTORES
Otros autores Rodríguez Canales, Javier
Títulos y otras palabras asociadas con el nombre autor
942 ## - ELEMENTOS DE KOHA
Tipo de documento Libro
Nombre del creador Justo Noguera
Código de catalogador Margarita Torres
Esquema de clasificación Dewey Decimal Classification
Existencias
Codigo completo Registro Colección Copia número Disponibilidad Tipo de préstamo Biblioteca Actual Procedencia (Biblioteca) Ubicacón Fecha Ingreso Tipo de Adquisición Date last seen Total checkouts Price effective from Tipo de Item Estado del Material Fuente de Clasificación Damaged status Withdrawn status
769.985 T57 1085145 Colección Vera Bejar 1   Restringido Víctor Andrés Belaunde Víctor Andrés Belaunde Planta baja cerrada 03/12/2025 Donación 03/12/2025   03/12/2025 Libro Bueno Dewey Decimal Classification   Withdrawn